Born in El Paso - Statistics

General Stats
  • This quiz has been taken 36 times
    17 since last reset
  • The average score is 4 of 12
Answer Stats
Hint Answer % Correct
First female justice of the Supreme Court from 1981 to 2006 1930 Sandra Day O'Connor
67%
Creator of "Star trek" 1921 Gene Roddenberry
56%
Former member of Congress and nominee for the Senate in 2018 and candidate for the Democratic presidential nomination in 2020 1972 Beto O'Rourke
44%
Actress and singer, best known for her role as Kathy Selden in "Singin' in the Rain" 1932 Debbie Reynolds
33%
2020 Olympic 100 metres champion, he holds the European record and represents Italy 1994 Marcell Jacobs
33%
Soccer player who plays for PSV Eindhoven and the United States national team 2003 Ricardo Pepi
33%
Actor, "Firefly" "I, Robot" "Rogue One" 1971 Alan Tudyk
22%
Senator from New Mexico from 1983 to 2013 1943 Jeff Bingaman
22%
Former college football coach who led Michigan State to one of the most succesful eras in the program's history from 2007 to 2019 1956 Mark Dantonio
22%
Director and visual effects supervisor, "Eragon" 1960 Stefan Fangmeier
22%
Governor of New Mexico from 2011 to 2019 1959 Susana Martinez
22%
Democratic politician and representative for the Texas district based in El Paso since 2019 1969 Veronica Escobar
22%
No matching quizzes found
Score Distribution
Percent of People with Each Score
Percentile by Number Answered
Your Score History
You have not taken this quiz since the last reset